| Tag |
First Indicator |
Second Indicator |
Subfields |
| LEADER |
00000cam a2200000 a 4500 |
| 001 |
in00000084295 |
| 005 |
20151008061320.0 |
| 008 |
750903s1974 nyu 00000 eng d |
| 035 |
|
|
|a (OCoLC)01594174
|
| 035 |
|
|
|9 AAJ7794AM
|
| 040 |
|
|
|a COO
|c COO
|d m.c.
|d TXA
|d UtOrBLW
|
| 043 |
|
|
|a n-us---
|
| 049 |
|
|
|a TXAM
|c [1272073]
|
| 090 |
|
|
|a HJ4653.C3
|b T3
|
| 245 |
0 |
0 |
|a Taxation of capital gains /
|c issued by the Federal Taxation Division of the American Institute of Certified Public Accountants.
|
| 264 |
|
1 |
|a New York, N.Y. :
|b The Institute,
|c [1974]
|
| 264 |
|
4 |
|c ©1974
|
| 300 |
|
|
|a 28 pages ;
|c 23 cm.
|
| 336 |
|
|
|a text
|b txt
|2 rdacontent
|
| 337 |
|
|
|a unmediated
|b n
|2 rdamedia
|
| 338 |
|
|
|a volume
|b nc
|2 rdacarrier
|
| 490 |
1 |
|
|a Statement of tax policy ;
|v 1
|
| 650 |
|
0 |
|a Capital gains tax
|z United States.
|
| 710 |
2 |
|
|a American Institute of Certified Public Accountants.
|b Federal Taxation Division.
|
| 830 |
|
0 |
|a Statement of tax policy ;
|v 1.
|
| 999 |
|
|
|a MARS
|
| 999 |
f |
f |
|s 019a86cc-94f2-31d2-b6fe-51566139ed7a
|i 46993537-1261-3008-9737-5e25f0a4e82d
|t 0
|
| 952 |
f |
f |
|p ric
|a Texas A&M University
|b Rellis Campus
|c Joint Library Facility
|d Remote Storage
|t 0
|e HJ4653.C3 T3
|h Library of Congress classification
|i unmediated -- volume
|m A14806138426
|
| 998 |
f |
f |
|a HJ4653.C3 T3
|t 0
|l Remote Storage
|